[Event "24th ch-EUR Indiv w 2024"]
[Site "Rhodes GRE"]
[Date "2024.04.21"]
[Round "3.10"]
[White "Fataliyeva, Ulviyya"]
[Black "Krasteva, Beloslava"]
[Result "1-0"]
[WhiteTitle "IM"]
[BlackTitle "FM"]
[WhiteElo "2377"]
[BlackElo "2220"]
[WhiteFideId "13403052"]
[BlackFideId "2922029"]
[EventDate "2024.04.19"]

1. d4 Nf6 2. Nf3 e6 3. c4 Bb4+ 4. Bd2 Bxd2+ 5. Qxd2 d5 6. e3 O-O 7. Nc3 dxc4 8.
Bxc4 Qe7 9. O-O Rd8 10. Rad1 c5 11. e4 cxd4 12. Nxd4 Bd7 13. e5 Ne8 14. Ne4 Nc6
15. Nf3 a5 16. a3 a4 17. Qf4 Na5 18. Bd3 Bc6 19. h4 h6 20. Nh2 f5 21. exf6 Nxf6
22. Nxf6+ Qxf6 23. Qg3 Rd4 24. Ng4 Qf4 25. Qxf4 Rxf4 26. f3 Bd5 27. Kh2 Nc6 28.
Kg3 Raf8 29. Ne3 Bb3 30. Rc1 Rd4 31. Be4 Rd2 32. Rf2 Rfd8 33. Nf1 Rxf2 34. Kxf2
Ne5 35. Rc7 b6 36. Bc2 Nd3+ 37. Bxd3 Rxd3 38. Ke2 Rd4 39. Nd2 Ba2 40. g3 b5 41.
Rc5 b4 42. Ke3 Rd7 43. axb4 Rb7 44. b5 Kf7 45. Kd4 Rd7+ 46. Kc3 Ke7 47. Nc4 Kd8
48. Ne5 Rb7 49. Kb4 Bd5 50. Rc3 Ke7 51. Kc5 Rc7+ 52. Nc6+ Kd7 53. Kb4 Kd6 54.
Kxa4 g5 55. hxg5 hxg5 56. Nd4 Rf7 57. b6 Ke5 58. Rc7 Rf8 59. Nb5 Bxf3 60. Rc5+
Bd5 61. Nc3 Kd6 62. Kb4 Rf2 63. b3 Bc6 64. Nb5+ Kd7 65. Rxg5 Rf7 66. Rc5 Rg7 67.
Na7 Rg4+ 68. Rc4 Bf3 69. Rxg4 Bxg4 70. Kc5 Bf3 71. b4 e5 72. b5 e4 73. Kd4 Kd8
74. Ke3 Kd7 1-0

[Event "24th ch-EUR Indiv w 2024"]
[Site "Rhodes GRE"]
[Date "2024.04.21"]
[Round "3.11"]
[White "Wikar, Martyna"]
[Black "Guichard, Pauline"]
[Result "1-0"]
[WhiteTitle "WIM"]
[BlackTitle "IM"]
[WhiteElo "2214"]
[BlackElo "2362"]
[WhiteFideId "21807663"]
[BlackFideId "639370"]
[EventDate "2024.04.19"]

1. e4 e5 2. Nf3 Nc6 3. Bc4 Nf6 4. d3 Bc5 5. Nc3 a6 6. Be3 d6 7. a4 O-O 8. h3 Nd4
9. O-O c6 10. Ba2 a5 11. Bxd4 exd4 12. Ne2 d5 13. exd5 Nxd5 14. Nfxd4 Nb4 15. c3
Nxa2 16. Rxa2 Qf6 17. Qd2 Qg6 18. Qe3 Bd6 19. b3 Bd7 20. f4 Rae8 21. Qg3 Re7 22.
Rd2 Rfe8 23. Qxg6 hxg6 24. Ng3 f5 25. Re2 Re3 26. Rf3 Rxf3 27. Nxf3 Bxf4 28.
Rxe8+ Bxe8 29. Kf2 Kf7 30. Ne2 Bc7 31. Ke3 Kf6 32. h4 Bb6+ 33. d4 c5 34. Ne5
cxd4+ 35. cxd4 g5 36. hxg5+ Kxg5 37. g3 Bd8 38. Nf4 Kf6 39. Nd5+ Ke6 40. Nf4+
Ke7 41. Nd5+ Kd6 42. Nc3 g5 43. Nc4+ Ke7 44. Kf3 Bh5+ 45. Kf2 Ke6 46. d5+ Kd7
47. Nb5 Bd1 48. Nd4 Bf6 49. Ke1 Bg4 50. Ne6 Bf3 51. Nc5+ Kc7 52. Ne6+ Kd7 53.
Nc5+ Kc7 54. Ne6+ Kb8 55. Nb6 Ka7 56. Nc8+ Kb8 57. Nb6 Be7 58. Nd7+ Ka7 59. Nd4
Be4 60. d6 Bd8 61. Nb5+ Ka6 62. Nc7+ Ka7 63. Ne6 Bc6 64. Ne5 Bf6 65. Nxc6+ bxc6
66. d7 Kb6 67. Ke2 c5 68. Kd3 f4 69. g4 Be7 70. Ke4 c4 71. bxc4 Kc6 72. d8=Q
Bxd8 73. Nxd8+ Kc5 74. Nb7+ Kb6 75. Nd8 Kc5 76. Kd3 Kb4 77. Nb7 Kxa4 78. Kc3 f3
79. Kd3 Kb4 80. Nxa5 Kxa5 81. Ke4 1-0

[Event "24th ch-EUR Indiv w 2024"]
[Site "Rhodes GRE"]
[Date "2024.04.21"]
[Round "3.12"]
[White "Garcia Martin, Marta"]
[Black "Levitan, Ronit"]
[Result "1-0"]
[WhiteTitle "IM"]
[BlackTitle "WFM"]
[WhiteElo "2349"]
[BlackElo "2187"]
[WhiteFideId "32084030"]
[BlackFideId "2815109"]
[EventDate "2024.04.19"]

1. e4 e5 2. Nf3 Nc6 3. Bb5 a6 4. Ba4 Nf6 5. O-O b5 6. Bb3 Bc5 7. c3 d6 8. a4 Rb8
9. d4 Bb6 10. a5 Ba7 11. h3 O-O 12. Be3 Ra8 13. Re1 h6 14. Nbd2 Re8 15. Bc2 Bb7
16. Bb1 exd4 17. cxd4 Nb4 18. d5 Bxe3 19. Rxe3 c5 20. Nf1 Nh5 21. Qd2 Qd7 22. g4
Nf4 23. Nh4 Nxh3+ 24. Rxh3 Qxg4+ 25. Kh2 Bc8 26. Raa3 Qg5 27. f4 Qf6 28. f5 Ra7
29. Rag3 Rae7 30. Ne3 h5 31. Nhg2 Qd4 32. Qe2 Qxd5 1-0

[Event "24th ch-EUR Indiv w 2024"]
[Site "Rhodes GRE"]
[Date "2024.04.21"]
[Round "3.13"]
[White "Efroimski, Marsel"]
[Black "Papp, Sarah"]
[Result "1-0"]
[WhiteTitle "IM"]
[BlackTitle "WGM"]
[WhiteElo "2457"]
[BlackElo "2296"]
[WhiteFideId "2810964"]
[BlackFideId "24606812"]
[EventDate "2024.04.19"]

1. e4 e6 2. d4 d5 3. Nc3 Nf6 4. Bg5 Bb4 5. e5 h6 6. Bd2 Bxc3 7. bxc3 Ne4 8. Bc1
c5 9. Ne2 Qa5 10. f3 Nxc3 11. Qd2 cxd4 12. Nxd4 Qc7 13. Bb2 Qxe5+ 14. Kf2 Na4
15. Bb5+ Bd7 16. Bxa4 Bxa4 17. Qb4 Bc6 18. Nxc6 Nxc6 19. Qxb7 1-0

[Event "24th ch-EUR Indiv w 2024"]
[Site "Rhodes GRE"]
[Date "2024.04.21"]
[Round "3.14"]
[White "Klek, Hanna Marie"]
[Black "Khotenashvili, Bella"]
[Result "1/2-1/2"]
[WhiteTitle "WGM"]
[BlackTitle "GM"]
[WhiteElo "2294"]
[BlackElo "2454"]
[WhiteFideId "24670057"]
[BlackFideId "13602640"]
[EventDate "2024.04.19"]

1. e4 c6 2. d4 d5 3. Nc3 dxe4 4. Nxe4 Nf6 5. Nxf6+ exf6 6. c3 Bd6 7. Bd3 O-O 8.
Qc2 Re8+ 9. Ne2 h5 10. Be3 Nd7 11. c4 Nf8 12. O-O-O Be6 13. Kb1 Rc8 14. a3 a6
15. Nc3 Ng6 16. h3 Nf4 17. c5 Bb8 18. Bxf4 Bxf4 19. Bh7+ Kh8 20. Bf5 Qd7 21.
Bxe6 Qxe6 22. Rhe1 Qxe1 23. Rxe1 Rxe1+ 24. Ka2 Rd8 25. Qf5 Bc1 26. Qxh5+ Kg8 27.
Qg4 Rde8 28. f3 g6 29. Qh4 R8e6 30. Qf2 R6e3 31. Qc2 Kg7 32. Qb3 Re7 33. Qc4
R7e3 34. h4 f5 35. d5 cxd5 36. Qd4+ Kg8 37. h5 gxh5 38. Qxd5 Re5 39. Qxb7 Rxc5
40. Qb8+ Kh7 41. Qa7 Rce5 42. Qxf7+ Kh6 43. g3 Re6 44. Qxf5 Rb6 45. b4 Rc6 46.
f4 Rg6 47. Ne4 Re2+ 48. Kb1 Bb2 49. Ng5 Bf6 50. Qc8 Re3 51. Qf8+ Bg7 52. Qg8
Rxg5 53. fxg5+ Kg6 54. Ka2 Rxg3 55. Qe6+ Kxg5 56. Qxa6 h4 57. Qb7 Be5 58. b5 h3
59. Qd5 Kf6 60. b6 Rg2+ 61. Kb3 Rb2+ 62. Kc4 h2 63. b7 Rb1 64. Qd8+ Kf7 65. Qd7+
Kf6 66. Qd8+ Kf7 67. Qd7+ Kf6 68. Qd8+ 1/2-1/2

[Event "24th ch-EUR Indiv w 2024"]
[Site "Rhodes GRE"]
[Date "2024.04.21"]
[Round "3.15"]
[White "Wagner, Dinara"]
[Black "Rudzinska, Michalina"]
[Result "1-0"]
[WhiteTitle "IM"]
[BlackTitle "WIM"]
[WhiteElo "2453"]
[BlackElo "2302"]
[WhiteFideId "24157570"]
[BlackFideId "1172883"]
[EventDate "2024.04.19"]

1. d4 Nf6 2. c4 e6 3. Nf3 b6 4. a3 Bb7 5. Nc3 d5 6. Qc2 dxc4 7. e4 c5 8. Bf4 a6
9. O-O-O Nbd7 10. d5 b5 11. g3 Qb6 12. Bh3 Be7 13. dxe6 fxe6 14. Ng5 Nf8 15.
Rhe1 h6 16. e5 hxg5 17. exf6 gxf6 18. Rxe6 Nxe6 19. Qg6+ Kf8 20. Bd6 Nd4 21.
Qxf6+ Kg8 22. Qg6+ Kf8 23. Bxe7+ Kxe7 24. Qxb6 1-0

[Event "24th ch-EUR Indiv w 2024"]
[Site "Rhodes GRE"]
[Date "2024.04.21"]
[Round "3.16"]
[White "Hrebenshchykova, Yelyzaveta"]
[Black "Stefanova, Antoaneta"]
[Result "1-0"]
[WhiteTitle "WIM"]
[BlackTitle "GM"]
[WhiteElo "2289"]
[BlackElo "2447"]
[WhiteFideId "14159899"]
[BlackFideId "2902257"]
[EventDate "2024.04.19"]

1. d4 Nf6 2. c4 e6 3. Nf3 d5 4. g3 Bb4+ 5. Bd2 Be7 6. Bg2 Ne4 7. Qc2 Nc6 8. a3
f5 9. e3 Bf6 10. Bc3 O-O 11. O-O b6 12. Rd1 Bb7 13. Nbd2 Nxc3 14. Qxc3 Ne7 15.
b4 g5 16. c5 Bc6 17. Nb3 Ba4 18. Rdc1 Ng6 19. Nbd2 Bg7 20. Ne5 Nxe5 21. dxe5
bxc5 22. bxc5 g4 23. c6 Bb5 24. a4 Ba6 25. Rab1 Rb8 26. Bf1 Rxb1 27. Rxb1 Qc8
28. Bb5 Bxb5 29. axb5 Qb8 30. Rb4 Qb6 31. Rb3 Rb8 32. Kg2 Bf8 33. Qd4 Qxd4 34.
exd4 Rb6 35. Rb1 Bh6 36. f4 gxf3+ 37. Nxf3 a6 38. Kh3 Rxb5 39. Ra1 Rb6 40. g4
fxg4+ 41. Kxg4 Rxc6 42. Kh5 Bc1 43. Rb1 Kg7 44. Rb8 Rc3 45. Nh4 h6 46. Re8 Kf7
47. Rc8 a5 48. Ng6 a4 49. h4 a3 50. Rf8+ Kg7 51. Re8 Rf3 52. Re7+ Rf7 53. Rxe6
c5 54. Ra6 cxd4 55. e6 Rf5+ 56. Kg4 Kxg6 57. e7+ Kf7 58. Kxf5 d3 59. Re6 Ke8 60.
Rc6 Kxe7 61. Rxc1 Kd6 62. Kf4 d2 63. Rd1 a2 64. Ke3 Ke5 65. Kxd2 Kf4 66. Ra1 Kg4
67. Rxa2 Kxh4 68. Ra5 h5 69. Rxd5 Kg4 70. Ke3 h4 71. Kf2 Kh3 72. Kg1 1-0

[Event "24th ch-EUR Indiv w 2024"]
[Site "Rhodes GRE"]
[Date "2024.04.21"]
[Round "3.17"]
[White "Berend, Elvira"]
[Black "Socko, Monika"]
[Result "1/2-1/2"]
[WhiteTitle "WGM"]
[BlackTitle "GM"]
[WhiteElo "2260"]
[BlackElo "2428"]
[WhiteFideId "4000510"]
[BlackFideId "1106619"]
[EventDate "2024.04.19"]

1. d4 Nf6 2. c4 e6 3. Nf3 d5 4. e3 Be7 5. Nc3 O-O 6. Bd3 dxc4 7. Bxc4 c5 8. O-O
a6 9. a4 Nc6 10. h3 cxd4 11. exd4 Qc7 12. Qe2 Bd7 13. Rd1 Rad8 14. Bg5 Bc8 15.
d5 exd5 16. Nxd5 Nxd5 17. Bxd5 Rde8 18. Qc2 Qb6 19. Be3 Qb4 20. Bxc6 bxc6 21.
Nd4 Bf6 22. a5 c5 23. Ra4 Qb7 24. Qxc5 Qxb2 25. Qb4 Bxd4 26. Qxd4 Qe2 27. Qd2
Qh5 1/2-1/2

[Event "24th ch-EUR Indiv w 2024"]
[Site "Rhodes GRE"]
[Date "2024.04.21"]
[Round "3.18"]
[White "Atalik, Ekaterina"]
[Black "Prado Acebo, Ines"]
[Result "1-0"]
[WhiteTitle "IM"]
[BlackTitle "WFM"]
[WhiteElo "2406"]
[BlackElo "2229"]
[WhiteFideId "4130189"]
[BlackFideId "22251235"]
[EventDate "2024.04.19"]

1. c4 e5 2. Nc3 Nc6 3. g3 f5 4. Bg2 Nf6 5. d3 g6 6. Nf3 Bg7 7. O-O O-O 8. Rb1 a5
9. b3 d6 10. Bb2 h6 11. d4 e4 12. Ne1 d5 13. Nc2 Be6 14. Ne3 Ne7 15. Ba3 c6 16.
Rc1 Rf7 17. cxd5 Nexd5 18. Nexd5 Bxd5 19. e3 a4 20. bxa4 b5 21. Bc5 bxa4 22.
Nxa4 Bxa2 23. Nb6 Rb8 24. Qa4 Bd5 25. Qa6 Kh7 26. Nxd5 cxd5 27. Rb1 Ra8 28. Qe6
Qg8 29. Rfc1 Re8 30. Qa6 Ra8 31. Qb5 Rc7 32. Bd6 Rxc1+ 33. Rxc1 Rc8 34. Rb1 Qd8
35. Qb7 Kg8 36. Bf1 Rc2 37. Qa6 Nd7 38. Rb7 Nf8 39. Bxf8 Qxf8 40. Qxg6 1-0

[Event "24th ch-EUR Indiv w 2024"]
[Site "Rhodes GRE"]
[Date "2024.04.21"]
[Round "3.19"]
[White "Borosova, Zuzana"]
[Black "Danielian, Elina"]
[Result "1/2-1/2"]
[WhiteTitle "WGM"]
[BlackTitle "GM"]
[WhiteElo "2225"]
[BlackElo "2397"]
[WhiteFideId "14905779"]
[BlackFideId "13300210"]
[EventDate "2024.04.19"]

1. d4 Nf6 2. Nf3 e6 3. Bf4 c5 4. e3 d5 5. Nbd2 Bd6 6. dxc5 Bxc5 7. c4 Nc6 8. Be2
O-O 9. O-O h6 10. Nb3 Be7 11. Nfd4 Bd7 12. Nxc6 bxc6 13. cxd5 cxd5 14. Qd4 Ne4
15. Rfc1 Bf6 16. Be5 Bxe5 17. Qxe5 a5 18. Nc5 Nxc5 19. Rxc5 Qb8 20. Qc3 Qb6 21.
Rc1 Rfb8 22. Rc2 Ba4 23. Rd2 Qb4 24. h3 Bd7 25. Rc2 Qxc3 26. R5xc3 Kf8 27. f4
Ke7 28. Kf2 Kd6 29. Rd2 a4 30. e4 Rb4 31. exd5 exd5 32. Bf3 Ra5 33. Rcd3 Bc6 34.
Rd4 Rab5 35. Rxb4 Rxb4 36. g3 Rc4 37. Bd1 Rc1 38. a3 Rc4 39. Be2 Rc1 40. Bd1 Rc4
41. Be2 Rc1 1/2-1/2

[Event "24th ch-EUR Indiv w 2024"]
[Site "Rhodes GRE"]
[Date "2024.04.21"]
[Round "3.20"]
[White "Hakimifard, Ghazal"]
[Black "Vega Gutierrez, Sabrina"]
[Result "0-1"]
[WhiteTitle "WGM"]
[BlackTitle "IM"]
[WhiteElo "2253"]
[BlackElo "2383"]
[WhiteFideId "12506540"]
[BlackFideId "2219026"]
[EventDate "2024.04.19"]

1. e4 c5 2. Nf3 e6 3. d4 cxd4 4. Nxd4 Nf6 5. Nc3 Nc6 6. Ndb5 d6 7. Bf4 e5 8. Bg5
a6 9. Na3 b5 10. Nd5 Be7 11. Bxf6 Bxf6 12. c3 O-O 13. Nc2 Rb8 14. Be2 a5 15. O-O
Bg5 16. g3 Bh3 17. Re1 Qd7 18. Bf1 Bg4 19. Be2 Be6 20. h4 Bd8 21. Nce3 g6 22.
Bf1 f5 23. Bh3 f4 24. Bxe6+ Qxe6 25. Qg4 Qe8 26. Ng2 h5 27. Qh3 Rb7 28. Rad1
Rbf7 29. Rf1 Kh8 30. Rd3 fxg3 31. Rxg3 Rg8 32. Rd1 Nb8 33. Nde3 Qf8 34. Qc8 Nd7
35. Qc6 Nc5 36. b4 Rc7 37. Qa8 axb4 38. cxb4 Ne6 39. Qd5 Nd4 40. Kf1 Rf7 41. Rd2
Bb6 42. a4 Nf3 43. Rc2 Bxe3 44. Nxe3 Nd4 45. Rd2 bxa4 46. Nc4 Nf3 47. Ra2 Nh2+
48. Kg2 Nf3 49. Nxd6 Rf6 50. Rxf3 Rxf3 51. Qxe5+ Kh7 52. Nf5 gxf5+ 53. Kxf3
fxe4+ 54. Ke3 Qf3+ 55. Kd4 Qd3+ 56. Kc5 Rc8+ 57. Kb6 Qd8+ 0-1

[Event "24th ch-EUR Indiv w 2024"]
[Site "Rhodes GRE"]
[Date "2024.04.21"]
[Round "3.21"]
[White "Sieber, Fiona"]
[Black "Daulyte-Cornette, Deimante"]
[Result "0-1"]
[WhiteTitle "WGM"]
[BlackTitle "IM"]
[WhiteElo "2222"]
[BlackElo "2381"]
[WhiteFideId "12902373"]
[BlackFideId "12802859"]
[EventDate "2024.04.19"]

1. e4 d6 2. d4 Nf6 3. Nc3 e5 4. Nf3 Nbd7 5. Bc4 Be7 6. O-O O-O 7. Re1 c6 8. a4
h6 9. Ba2 a5 10. h3 Re8 11. Be3 exd4 12. Bxd4 Nf8 13. Qd3 Be6 14. Nd2 Bxa2 15.
Rxa2 Ne6 16. Be3 Nd7 17. f4 Nec5 18. Qc4 Bh4 19. Re2 Ra6 20. Ra1 Rb6 21. Qa2 Rb4
22. Rd1 Bf6 23. e5 dxe5 24. Bxc5 Nxc5 25. Nc4 Qc7 26. fxe5 Bxe5 27. Nxe5 Rxe5
28. Rxe5 Qxe5 29. Rd8+ Kh7 30. Qxf7 Qe1+ 31. Kh2 Qe5+ 32. Kg1 Rxb2 33. Re8 Qf6
34. Qg8+ Kg6 35. Re3 Qd4 36. Qe8+ Kh7 37. Ne2 Qd1+ 38. Kh2 Qd6+ 39. Rg3 Rb4 40.
Qf7 Qe5 41. Qg6+ Kh8 42. Kh1 Rb1+ 43. Ng1 Ne4 44. Rf3 Kg8 45. h4 Rd1 46. h5 Rd6
47. Qg4 Nf6 48. Qc8+ Kh7 49. Rf5 Qg3 50. Rf3 Qh4+ 51. Rh3 Qe4 52. Qc7 Qe5 53.
Qf7 Ne4 54. Qf3 Rf6 55. Qd3 Kg8 56. Qb3+ Kh8 57. Rf3 Qxh5+ 58. Nh3 Rxf3 0-1

[Event "24th ch-EUR Indiv w 2024"]
[Site "Rhodes GRE"]
[Date "2024.04.21"]
[Round "3.22"]
[White "Mandura, Tijana"]
[Black "Hejazipour, Mitra"]
[Result "0-1"]
[WhiteTitle "WIM"]
[BlackTitle "WGM"]
[WhiteElo "2218"]
[BlackElo "2376"]
[WhiteFideId "16500270"]
[BlackFideId "12505951"]
[EventDate "2024.04.19"]

1. e4 c5 2. Nf3 e6 3. g3 Nc6 4. d4 cxd4 5. Nxd4 Qb6 6. Nb3 Nf6 7. Bg2 h5 8. Be3
Qc7 9. Bf4 Ne5 10. Qd4 d6 11. Na3 Bd7 12. Bg5 Nh7 13. Bd2 Be7 14. Ba5 Qb8 15.
Bc3 h4 16. f4 h3 17. fxe5 hxg2 18. Rg1 dxe5 19. Qd3 b5 20. O-O-O Nf6 21. g4 Bc6
22. Na5 Bxe4 23. Qg3 Bd6 24. Rxg2 Bxg2 25. Qxg2 Nd5 26. Bd2 Bxa3 27. bxa3 Qc7
28. Kb2 Rc8 29. Rc1 Nf4 30. Qf2 Qb6 31. Qg3 Qd4+ 0-1

[Event "24th ch-EUR Indiv w 2024"]
[Site "Rhodes GRE"]
[Date "2024.04.21"]
[Round "3.23"]
[White "Balajayeva, Khanim"]
[Black "Schulze, Lara"]
[Result "1/2-1/2"]
[WhiteTitle "IM"]
[BlackTitle "FM"]
[WhiteElo "2371"]
[BlackElo "2290"]
[WhiteFideId "13406396"]
[BlackFideId "12956830"]
[EventDate "2024.04.19"]

1. e4 c5 2. Nf3 d6 3. Bb5+ Bd7 4. Bxd7+ Qxd7 5. c4 g6 6. d4 cxd4 7. Nxd4 Bg7 8.
Nc3 Nf6 9. f3 O-O 10. Be3 Nc6 11. O-O a6 12. Qd3 Rfc8 13. b3 b5 14. cxb5 Ne5 15.
Qd2 d5 16. Nc6 Nxc6 17. bxc6 Rxc6 18. e5 Ne8 19. f4 Nc7 20. Rad1 Rd8 21. Ne2 Ne6
22. f5 gxf5 23. Ng3 Bxe5 24. Nxf5 f6 25. Qxd5 Bxh2+ 26. Kxh2 Qc7+ 27. Bf4 Rxd5
28. Bxc7 Rxd1 29. Rxd1 1/2-1/2

[Event "24th ch-EUR Indiv w 2024"]
[Site "Rhodes GRE"]
[Date "2024.04.21"]
[Round "3.24"]
[White "Jarocka, Liwia"]
[Black "Yao, Lan"]
[Result "0-1"]
[WhiteTitle "FM"]
[BlackTitle "WGM"]
[WhiteElo "2212"]
[BlackElo "2370"]
[WhiteFideId "21807558"]
[BlackFideId "8610835"]
[EventDate "2024.04.19"]

1. d4 Nf6 2. c4 e6 3. Nf3 d5 4. Nc3 Bb4 5. Qa4+ Nc6 6. a3 Bxc3+ 7. bxc3 Ne4 8.
Bf4 O-O 9. h4 Ne7 10. Qc2 c5 11. e3 Ng6 12. Bh2 Nxh4 13. Bd3 f5 14. Nxh4 Qxh4
15. Bxe4 fxe4 16. dxc5 Bd7 17. Kf1 Rf5 18. Kg1 Rh5 19. Rd1 Rf8 20. Rd4 Ba4 21.
Qd2 dxc4 22. Rxc4 Bc6 23. f4 e5 24. g4 Qxg4+ 25. Qg2 Qd1+ 26. Kf2 Qd2+ 27. Kf1
Qd3+ 28. Qe2 Qxe2+ 0-1

[Event "24th ch-EUR Indiv w 2024"]
[Site "Rhodes GRE"]
[Date "2024.04.21"]
[Round "3.25"]
[White "Brunello, Marina"]
[Black "Dornbusch, Tatiana"]
[Result "1-0"]
[WhiteTitle "IM"]
[BlackTitle "WGM"]
[WhiteElo "2353"]
[BlackElo "2199"]
[WhiteFideId "822590"]
[BlackFideId "14107449"]
[EventDate "2024.04.19"]

1. e4 Nf6 2. e5 Nd5 3. d4 d6 4. c4 Nb6 5. f4 Bf5 6. Nc3 e6 7. Be3 dxe5 8. fxe5
Be7 9. Nf3 O-O 10. Bd3 c5 11. d5 Bxd3 12. Qxd3 exd5 13. cxd5 Na6 14. d6 Re8 15.
O-O-O Bf8 16. Ng5 g6 17. Rhf1 Nd7 18. Nxf7 Nxe5 19. Qd5 Nxf7 20. Rxf7 Rxe3 21.
Rd7+ Kh8 22. Rxd8 Rxd8 23. Ne4 Nb4 24. Qg5 1-0

[Event "24th ch-EUR Indiv w 2024"]
[Site "Rhodes GRE"]
[Date "2024.04.21"]
[Round "3.26"]
[White "Sivanandan, Bodhana"]
[Black "Mammadova, Gulnar"]
[Result "1/2-1/2"]
[WhiteTitle "WCM"]
[BlackTitle "IM"]
[WhiteElo "2065"]
[BlackElo "2352"]
[WhiteFideId "497592"]
[BlackFideId "13403508"]
[EventDate "2024.04.19"]

1. e4 c5 2. Nf3 Nc6 3. Bb5 e6 4. O-O Nge7 5. Re1 a6 6. Bf1 g6 7. d4 cxd4 8. Nxd4
Bg7 9. Be3 O-O 10. c4 f5 11. exf5 gxf5 12. Nc3 d6 13. Nxc6 bxc6 14. Qd2 Ng6 15.
f4 Qc7 16. Rad1 Rd8 17. Na4 Rb8 18. Bd4 Bh6 19. Be3 Bg7 20. Bd4 Bh6 21. Be3 Bg7
22. g3 Bf6 23. Bd4 e5 24. Bc3 Qa7+ 25. Qf2 Qxf2+ 26. Kxf2 Be6 27. b3 Kf7 28.
fxe5 Nxe5 29. Bxe5 Bxe5 30. Bg2 Rbc8 31. Bxc6 Bxg3+ 32. hxg3 Rxc6 33. Rd4 Rg8
34. Nc3 h5 35. Ne2 Kf6 36. Nf4 Bf7 37. Rh1 Rh8 38. Kf3 a5 39. Nd5+ Kg5 40. Re1
Bxd5+ 41. Rxd5 a4 42. Rb5 axb3 43. axb3 h4 44. gxh4+ Rxh4 45. Rg1+ Kf6 46. Rg8
Rc5 47. Rxc5 dxc5 48. Rc8 Rh3+ 49. Kf4 Rxb3 50. Rxc5 Ke6 51. Rxf5 Rb4 52. Rc5
Kd6 53. Rd5+ Kc6 54. Rd4 Kc5 55. Ke5 Rxc4 56. Rxc4+ Kxc4 57. Ke4 1/2-1/2

[Event "24th ch-EUR Indiv w 2024"]
[Site "Rhodes GRE"]
[Date "2024.04.21"]
[Round "3.27"]
[White "Zawadzka, Jolanta"]
[Black "Toma, Katarzyna"]
[Result "1-0"]
[WhiteTitle "WGM"]
[BlackTitle "WGM"]
[WhiteElo "2351"]
[BlackElo "2202"]
[WhiteFideId "1122320"]
[BlackFideId "1119907"]
[EventDate "2024.04.19"]

1. Nf3 Nf6 2. c4 e6 3. g3 d5 4. Bg2 Be7 5. O-O O-O 6. b3 c5 7. cxd5 Nxd5 8. Bb2
Nc6 9. d4 cxd4 10. Nxd4 Bd7 11. Na3 Nxd4 12. Qxd4 Bf6 13. Qd2 Bc6 14. Nc4 Qc7
15. Rfc1 Rfd8 16. Qe1 Bxb2 17. Nxb2 Qe7 18. Nd3 Bb5 19. Ne5 Rac8 20. a4 Ba6 21.
Rxc8 Rxc8 22. Rc1 Rxc1 23. Qxc1 b6 24. Nc6 Qc7 25. Bxd5 exd5 26. b4 Bxe2 27. Qg5
h6 28. Qxd5 a6 29. Qe4 Bh5 30. Qe8+ Kh7 31. Ne7 Qc1+ 32. Kg2 Bf3+ 33. Kxf3 Qh1+
34. Kf4 g5+ 35. Ke5 Qe1+ 36. Kd6 Qxb4+ 37. Kc7 Qc5+ 38. Kb7 Kg7 39. g4 1-0

[Event "24th ch-EUR Indiv w 2024"]
[Site "Rhodes GRE"]
[Date "2024.04.21"]
[Round "3.28"]
[White "Gaponenko, Inna"]
[Black "Mgeladze, Kesaria"]
[Result "1/2-1/2"]
[WhiteTitle "IM"]
[BlackTitle "WFM"]
[WhiteElo "2332"]
[BlackElo "2094"]
[WhiteFideId "14101181"]
[BlackFideId "13621130"]
[EventDate "2024.04.19"]

1. e4 c5 2. Nf3 g6 3. d4 cxd4 4. Nxd4 Nc6 5. Nc3 Bg7 6. Be3 Nf6 7. Bc4 Qa5 8.
O-O O-O 9. Bb3 d6 10. h3 Bd7 11. Re1 Rfe8 12. Qd3 Nh5 13. Rad1 Nf4 14. Qb5 Bxd4
15. Qxa5 Nxa5 16. Rxd4 Nxb3 17. axb3 Ne6 18. Rdd1 Nc7 19. e5 Bf5 20. exd6 exd6
21. Re2 d5 22. Nxd5 Nxd5 23. Rxd5 a6 24. Red2 Rac8 25. c4 Be6 26. Rd6 f6 27. Rb6
Re7 28. Rdd6 Kf7 29. g4 Rcc7 30. Kh2 Rcd7 31. Rxd7 Rxd7 32. Kg3 Rc7 33. h4 Bc8
34. g5 Rc6 35. Rb4 Re6 36. c5 f5 37. Rd4 Re4 38. Rxe4 fxe4 39. Kf4 Ke6 40. Kxe4
Bd7 41. Bf4 Bc6+ 42. Kd4 Bd5 43. Kc3 Bc6 44. Kb4 Kd5 45. Bc7 Bb5 46. Bd8 Bc6 47.
Be7 Bb5 48. Bf8 Ke4 49. Bd6 Kd5 50. Ka5 Kc6 51. Bf8 Bd3 52. Kb4 Bb5 53. f4 Kd5
54. f5 Ke5 55. f6 Ke6 56. Ka5 Bc6 57. Kb6 Kf7 58. Bd6 Ke6 59. Bg3 Kf7 60. Be1
Ke6 61. Kc7 Kf7 62. Kd6 Bb5 63. Bc3 Bc6 64. b4 Bb5 65. Kc7 Bc6 66. Kd6 Bb5 67.
Kc7 Bc6 68. Be5 Ke6 69. Bf4 Kf7 70. Be3 Ke6 71. Bd2 Kf7 72. b5 axb5 73. Kd6 Bh1 1/2-1/2

[Event "24th ch-EUR Indiv w 2024"]
[Site "Rhodes GRE"]
[Date "2024.04.21"]
[Round "3.29"]
[White "Donghvani, Nia"]
[Black "Savina, Anastasia"]
[Result "1/2-1/2"]
[BlackTitle "IM"]
[WhiteElo "2028"]
[BlackElo "2330"]
[WhiteFideId "13614649"]
[BlackFideId "4196872"]
[EventDate "2024.04.19"]

1. e4 c5 2. Nf3 Nc6 3. d4 cxd4 4. Nxd4 e5 5. Nb5 d6 6. N1c3 a6 7. Na3 Be6 8. Nc4
b5 9. Ne3 Nf6 10. Ned5 Be7 11. Be3 O-O 12. a3 Bxd5 13. exd5 Na5 14. Be2 Nc4 15.
Bc1 Rc8 16. O-O Nd7 17. b3 Ncb6 18. Na2 Bg5 19. Nb4 Nb8 20. f4 exf4 21. Bf3 a5
22. Nd3 N8d7 23. Bd2 a4 24. Nxf4 Bf6 25. Rb1 Bc3 26. Be3 Re8 27. Bf2 Nc5 28. Ne2
Be5 29. Nd4 Qg5 30. Nxb5 Qh6 31. g3 Qg6 32. Bg2 axb3 33. cxb3 Nbd7 34. Re1 Nd3
35. Re2 Nxf2 36. Rxf2 Nc5 37. Rf1 Nd3 38. Qd2 h5 39. Bh3 Nf4 40. Bxc8 Rxc8 41.
Rbc1 Rxc1 42. Rxc1 h4 43. Rc8+ Kh7 44. Qc2 f5 45. Rf8 hxg3 46. Qxf5 Ne2+ 47. Kg2
Nf4+ 48. Kg1 1/2-1/2

[Event "24th ch-EUR Indiv w 2024"]
[Site "Rhodes GRE"]
[Date "2024.04.21"]
[Round "3.30"]
[White "Stefan, Iulia-Cristiana"]
[Black "Melia, Salome"]
[Result "0-1"]
[BlackTitle "IM"]
[WhiteElo "1938"]
[BlackElo "2322"]
[WhiteFideId "1273876"]
[BlackFideId "13602446"]
[EventDate "2024.04.19"]

1. d4 Nf6 2. Nf3 e6 3. Bg5 h6 4. Bh4 d6 5. Nbd2 g5 6. Bg3 Nh5 7. e3 Bg7 8. Be2
Qe7 9. Ng1 Nxg3 10. hxg3 Nd7 11. c3 Nf6 12. e4 e5 13. dxe5 dxe5 14. Ngf3 O-O 15.
O-O Rd8 16. Qc2 Ng4 17. Nh2 Nf6 18. Nhf3 Ng4 19. Nh2 Nxh2 20. Kxh2 g4 21. Rad1
h5 22. Rh1 Be6 23. Kg1 Qg5 24. b3 Bh6 25. Nf1 Rxd1 26. Bxd1 Rd8 27. Qe2 Qc1 28.
Bc2 Rd2 29. Qb5 Rxc2 30. Rxh5 Qe1 31. Qe8+ Kg7 32. Rf5 Qxe4 33. Rh5 Qe1 0-1